00277 a2200109 4500001000700000020000600007040001100013100002900024240005500053245005000108362000900158164452 a  cMagnum aMassini-Cagliari, Gladis10aDiante das letras: a escrita na alfabetizacaolpor10aDiante das letras: a escrita na alfabetizacao0 a1899